Enseñanza de la matemática en la escuela media /

Guardado en:
Autor Principal: Santaló, Luis A. 1911-2001.
Formato: Libro
Idioma:Spanish
Publicado: Buenos Aires : Editorial Docencia, 1981.
Edición:1.ª ed.
Series:Proyecto CINAE ; 18
Etiquetas: Agregar Etiqueta
Sin Etiquetas, Sea el primero en etiquetar este registro!
LEADER 00572nam a22001695a 4500
001 MAT.inmabb006166
008 091111s1981####ag#a#####b####001#0#spa#d
005 20130325183806.0
245 1 0 |a Enseñanza de la matemática en la escuela media /  |c por Luis A. Santaló. 
250 |a 1.ª ed. 
260 |a Buenos Aires :  |b Editorial Docencia,  |c 1981. 
300 |a 141 p. :  |b il. ;  |c 19 cm. 
440 0 |a Proyecto CINAE ;  |v 18 
504 |a Bibliografía: p.130-131. 
100 1 |a Santaló, Luis A.  |q (Luis Antonio),  |d 1911-2001. 
084 |a 97  |2 msc2000 
859 |h 97  |i Sa232  |p A-8589  |b BIB. MATEMATICA